[Event "WchT Seniors 65"]
[White "Ziegenbein, Dieter"]
[Black "Byrne, Ray"]
[Site "Radebeul"]
[Round "2.2"]
[Result "1/2-1/2"]
[Date "2016.06.27"]
[WhiteElo "1701"]
[BlackElo "1987"]
[PlyCount "84"]
[EventDate "2016.06.26"]
[EventType "team-swiss"]
[EventRounds "9"]
[EventCountry "GER"]
[SourceTitle "CBM 173 Extra"]
[Source "ChessBase"]
[SourceDate "2016.08.29"]
[SourceVersion "1"]
[SourceVersionDate "2016.08.29"]
[SourceQuality "1"]
[WhiteTeam "Dresden Seniors"]
[BlackTeam "Ireland"]
[WhiteTeamCountry "GER"]
[BlackTeamCountry "IRL"]

1. e4 e5 2. Nf3 Nc6 3. Bc4 Nf6 4. d3 Be7 5. 0-0 d6 6. h3 0-0 7. Nc3 Na5 8. Bb3 Nxb3 9. axb3 h6 10. Be3 a6 11. Nd2 d5 12. exd5 Nxd5 13. Nxd5 Qxd5 14. Nf3 Bf5 15. d4 exd4 16. Nxd4 Be4 17. c4 Qd7 18. Nf3 Qf5 19. Nd4 Qg6 20. Qg4 Qxg4 21. hxg4 Rad8 22. f3 Bg6 23. Nf5 Bf6 24. Rad1 Rfe8 25. Bc1 h5 26. Kf2 hxg4 27. fxg4 Re4 28. Rxd8+ Bxd8 29. Rd1 Bf6 30. Kf3 Bxf5 31. gxf5 Re7 32. g4 Be5 33. b4 f6 34. b3 Kf7 35. Be3 Bd6 36. c5 Be5 37. Rd3 Ke8 38. Bc1 Rd7 39. Ke4 Rxd3 40. Kxd3 Kd7 41. Kc4 Kc6 42. Be3 b5+ 1/2-1/2